| 000 | 01001cam a22002174a 4500 | ||
|---|---|---|---|
| 005 | 20250605164033.0 | ||
| 008 | 250528s ||||||||||||||||||||||||d | ||
| 035 | _a16711 | ||
| 020 | _a321412915 | ||
| 040 |
_aGR-AtMCL _bgre _dGR-AtMCL _eAACR2 |
||
| 245 | 1 | _aStarting out with C++ / From Control Structures Through Objects: Fifth Edition | |
| 250 | _a5th | ||
| 260 |
_bPearson Addison-Wesley, _c2007 |
||
| 300 | _a904 | ||
| 520 | _aAn accessible and Detailed presentation of programming concepts. Includes CD-ROM. Preface, Introduction to Computers and Programming, Introduction to C++, Expressions and Interactivity, Making Decisions, Looping, Functions, Arrays, Pointers, Characters and Strings and the String Class, Structured Data, Advanced File Operations, Introduction to Classes, More About Classes, Inheritance and Polymorphism and Virtual Functions, Index. | ||
| 700 | 1 |
_aGaddis Tony _92800 |
|
| 700 | 1 |
_aKrupnow Barret _92801 |
|
| 942 | _cBK | ||
| 999 |
_c2184 _d2184 |
||